Aile çevresi (Record no. 12608)

MARC details
000 -LEADER
fixed length control field 00693nam a22002297a 4500
003 - CONTROL NUMBER IDENTIFIER
control field TR-AnU
005 - DATE AND TIME OF LATEST TRANSACTION
control field 20190121154930.0
008 - FIXED-LENGTH DATA ELEMENTS--GENERAL INFORMATION
fixed length control field 140616s1967 tu 000 0 d
040 ## - CATALOGING SOURCE
Transcribing agency ,
041 1# - LANGUAGE CODE
Language code of text/sound track or separate title tur
082 ## - DEWEY DECIMAL CLASSIFICATION NUMBER
Classification number 843.91
Item number M28a 1967
090 ## - LOCALLY ASSIGNED LC-TYPE CALL NUMBER (OCLC); LOCAL CALL NUMBER (RLIN)
Classification number (OCLC) (R) ; Classification number, CALL (RLIN) (NR) 843.91 M28a 1967
100 ## - MAIN ENTRY--PERSONAL NAME
Personal name Maurois, Andre
Dates associated with a name 1885-1967
245 ## - TITLE STATEMENT
Title Aile çevresi
Statement of responsibility, etc. Andre Maurois ; Çeviren : Sahim Tiryakioğlu.
260 ## - PUBLICATION, DISTRIBUTION, ETC.
Place of publication, distribution, etc. İstanbul
Name of publisher, distributor, etc. Varlık Yayınevi,
Date of publication, distribution, etc. 1967.
300 ## - PHYSICAL DESCRIPTION
Extent 237 s. ;
Dimensions 16 cm
440 ## - SERIES STATEMENT/ADDED ENTRY--TITLE
Title Varlık Büyük Eserler Kitaplığı ;
Volume/sequential designation 103
490 ## - SERIES STATEMENT
Series statement Varlık yayıınları
Volume/sequential designation 1274
650 #0 - SUBJECT ADDED ENTRY--TOPICAL TERM
Topical term or geographic name entry element Fransız Edebiyatı
9 (RLIN) 5051
General subdivision Roman
700 ## - ADDED ENTRY--PERSONAL NAME
Personal name Tiryakioğlu, Samih
Dates associated with a name 1909-1995
942 ## - ADDED ENTRY ELEMENTS (KOHA)
Source of classification or shelving scheme Dewey Decimal Classification
Koha item type Books
Holdings
Withdrawn status Lost status Source of classification or shelving scheme Damaged status Not for loan Home library Current library Date acquired Total Checkouts Full call number Barcode Date last seen Price effective from Koha item type
    Dewey Decimal Classification     Parti Okulu Kütüphanesi Parti Okulu Kütüphanesi 01/21/2019   843.91 M28a 1967 P0278 01/21/2019 01/21/2019 Books